000 00249nam a22001097a 4500
008 170125b xxu||||| |||| 00| 0 eng d
020 _a9780323031288
041 _aeng
080 _26TH
_a618.2
245 _aHEALTH PROMOTION
_cEDELMAN
942 _2udc
_cBK
999 _c3609
_d3609